<?xml version="1.0" encoding="UTF-8"?>
<record
    xmlns:xsi="http://www.w3.org/2001/XMLSchema-instance"
    xsi:schemaLocation="http://www.loc.gov/MARC21/slim http://www.loc.gov/standards/marcxml/schema/MARC21slim.xsd"
    xmlns="http://www.loc.gov/MARC21/slim">

  <leader>01050cam a2200289 a 4500</leader>
  <datafield tag="952" ind1=" " ind2=" ">
    <subfield code="0">0</subfield>
    <subfield code="1">0</subfield>
    <subfield code="2">ddc</subfield>
    <subfield code="4">0</subfield>
    <subfield code="7">0</subfield>
    <subfield code="8">NFIC</subfield>
    <subfield code="a">ASL</subfield>
    <subfield code="b">ASL</subfield>
    <subfield code="c">GEN</subfield>
    <subfield code="d">2021-06-23</subfield>
    <subfield code="e">Complimentary</subfield>
    <subfield code="h">V-2</subfield>
    <subfield code="l">0</subfield>
    <subfield code="o">297.1225 GLO</subfield>
    <subfield code="p">109907</subfield>
    <subfield code="r">2021-06-23 00:00:00</subfield>
    <subfield code="t">C-1</subfield>
    <subfield code="w">2021-06-23</subfield>
    <subfield code="y">BK</subfield>
  </datafield>
  <datafield tag="999" ind1=" " ind2=" ">
    <subfield code="c">25184</subfield>
    <subfield code="d">25184</subfield>
  </datafield>
  <controlfield tag="001">2816710</controlfield>
  <controlfield tag="003">BDDh-ASL</controlfield>
  <controlfield tag="005">20231015030447.0</controlfield>
  <controlfield tag="008">820920s1980    ua       b    000 0 eng  </controlfield>
  <datafield tag="010" ind1=" " ind2=" ">
    <subfield code="a">   82209357 </subfield>
  </datafield>
  <datafield tag="040" ind1=" " ind2=" ">
    <subfield code="a">DLC</subfield>
    <subfield code="c">DLC</subfield>
    <subfield code="d">DLC</subfield>
    <subfield code="d">BDDh-ASL</subfield>
  </datafield>
  <datafield tag="041" ind1="0" ind2=" ">
    <subfield code="a">engara</subfield>
  </datafield>
  <datafield tag="050" ind1="0" ind2="0">
    <subfield code="a">BP109</subfield>
    <subfield code="b">1980b</subfield>
  </datafield>
  <datafield tag="082" ind1="0" ind2="0">
    <subfield code="a">297.1225</subfield>
    <subfield code="2">19</subfield>
    <subfield code="b">GLO</subfield>
  </datafield>
  <datafield tag="130" ind1="0" ind2=" ">
    <subfield code="a">Qur&#x2BC;an.</subfield>
    <subfield code="l">English &amp; Arabic.</subfield>
  </datafield>
  <datafield tag="245" ind1="1" ind2="4">
    <subfield code="a">The meaning of the glorious Qur&#x2BC;&#x101;n, Vol.-2 :</subfield>
    <subfield code="b">text, translation and commentary /</subfield>
    <subfield code="c">by Abdullah Yusuf Ali.</subfield>
  </datafield>
  <datafield tag="260" ind1=" " ind2=" ">
    <subfield code="a">[Cairo, Egypt] :</subfield>
    <subfield code="b">Dar al-Kitab al-Masri ;</subfield>
    <subfield code="a">[Beirut, Lebanon] :</subfield>
    <subfield code="b">Dar al-Kitab Allubnani,</subfield>
    <subfield code="c">[1980?]</subfield>
  </datafield>
  <datafield tag="300" ind1=" " ind2=" ">
    <subfield code="a">V-2,  (zi, 925-1862 p.) ;</subfield>
    <subfield code="c">22 cm.</subfield>
  </datafield>
  <datafield tag="500" ind1=" " ind2=" ">
    <subfield code="a">Title on added t.p.: al-Qur&#x2BC;&#x101;n al-kar&#x12B;m, tarjamat ma&#x2BB;&#x101;n&#x12B;.</subfield>
  </datafield>
  <datafield tag="500" ind1=" " ind2=" ">
    <subfield code="a">Arabic and English.</subfield>
  </datafield>
  <datafield tag="504" ind1=" " ind2=" ">
    <subfield code="a">Bibliography: v. 1, p. xvi.</subfield>
  </datafield>
  <datafield tag="650" ind1=" " ind2="0">
    <subfield code="9">1854</subfield>
    <subfield code="a">Quran</subfield>
    <subfield code="x">Translated </subfield>
  </datafield>
  <datafield tag="700" ind1="1" ind2=" ">
    <subfield code="a">Ali, Abdullah Yusuf,</subfield>
    <subfield code="d">1872-1952.</subfield>
  </datafield>
  <datafield tag="740" ind1="0" ind2=" ">
    <subfield code="a">Qur&#x2BC;&#x101;n al-kar&#x12B;m, tarjamat ma&#x2BB;&#x101;n&#x12B;.</subfield>
  </datafield>
  <datafield tag="906" ind1=" " ind2=" ">
    <subfield code="a">7</subfield>
    <subfield code="b">cbc</subfield>
    <subfield code="c">orignew</subfield>
    <subfield code="d">3</subfield>
    <subfield code="e">ncip</subfield>
    <subfield code="f">19</subfield>
    <subfield code="g">y-gencatlg</subfield>
  </datafield>
  <datafield tag="942" ind1=" " ind2=" ">
    <subfield code="2">ddc</subfield>
    <subfield code="c">BK</subfield>
  </datafield>
</record>
